Biochemistry for Nurses (Record no. 158)

MARC details
000 -LEADER
Fixed length control field 00561nam a2200217Ia 4500
003 - CONTROL NUMBER IDENTIFIER
Control field IIN
005 - DATE AND TIME OF LATEST TRANSACTION
Control field 20250428121751.0
008 - FIXED-LENGTH DATA ELEMENTS--GENERAL INFORMATION
Fixed length control field 231217s9999 xx 000 0 und d
020 ## - INTERNATIONAL STANDARD BOOK NUMBER / ISBN
Price Rs.350.00
International Standard Book Number 8180613569
020 ## - INTERNATIONAL STANDARD BOOK NUMBER / ISBN
International Standard Book Number 9788180613562
040 ## - CATALOGING SOURCE
Original cataloging agency IIN
Language of cataloging English
082 ## - DEWEY DECIMAL CLASSIFICATION NUMBER
Classification number 572.3
Book Number RAJ
100 1# - MAIN ENTRY--PERSONAL NAME
Personal name Raju, S.M.
245 ## - TITLE STATEMENT
Title Biochemistry for Nurses
Statement of responsibility S.M. Raju and Bindu Madala
260 ## - IMPRINT
Name of publisher Jaypee
Place of publication New Delhi
Date of publication 2005
260 ## - IMPRINT
Name of publisher Jaypee
Place of publication New Delhi
Date of publication Reprint 2024
300 ## - PHYSICAL DESCRIPTION
Page / Vol. No 184 p.
650 1# - SUBJECT ADDED ENTRY--TOPICAL TERM
Topical term Biochemistry
700 1# - ADDED ENTRY--PERSONAL NAME
Personal name Madala, Bindu
942 ## - ADDED ENTRY ELEMENTS (KOHA)
Koha item type Books
Holdings
Withdrawn status Lost status Source of classification Damaged status Not for loan Collection code Home library Current library Date acquired Price Total Checkouts Call number Accession number Date last seen Price effective from Koha item type Shelving location
    Dewey Decimal Classification       IDEAL INSTITUTE OF NURSING IDEAL INSTITUTE OF NURSING 17/12/2023 350.00   572.3 RAJ 153 17/12/2023 17/12/2023 Books  
    Dewey Decimal Classification     Purches Book IDEAL INSTITUTE OF NURSING IDEAL INSTITUTE OF NURSING 11/03/2025     572.3 RAJ 1902 28/04/2025 28/04/2025 Books General Stacks
© Ideal Institute Of Nursing, All rights reserved.         Powered by Koha